Normal view
MARC view
Entry Topical Term
001 - CONTROL NUMBER
- control field: 4676
003 - CONTROL NUMBER IDENTIFIER
- control field: OSt
005 - DATE AND TIME OF LATEST TRANSACTION
- control field: 20211105132556.0
008 - FIXED-LENGTH DATA ELEMENTS
- fixed length control field: 211105|| aca||aabn | a|a d
040 ## - CATALOGING SOURCE
- Original cataloging agency: OSt
- Transcribing agency: OSt
150 ## - HEADING--TOPICAL TERM
- Topical term or geographic name entry element: Coherent Light
670 ## - SOURCE DATA FOUND
- Source citation: Work cat.: (OSt): International School of Physics 'Enrico Fermi" Course Varenna Lake Como, Villa Monastero 1963 Aug. 19-31 4674, Quantum electronics and coherent light, 1964